[Event "Negombo op 2nd"]
[Site "Negombo"]
[Date "2016.08.16"]
[Round "8"]
[White "Dananjaya, Isuru"]
[Black "Athukorala, Shavindi Uddeepana"]
[Result "1-0"]
[WhiteElo "1240"]
[BlackElo "1562"]
[PlyCount "51"]
[EventDate "2016.08.13"]
[EventType "swiss"]
[EventRounds "9"]
[EventCountry "SRI"]
[SourceTitle "EXT 2019"]
[Source "ChessBase"]
[SourceDate "2018.10.10"]
[SourceVersion "1"]
[SourceVersionDate "2018.10.10"]
[SourceQuality "1"]

1. e4 c5 2. d4 cxd4 3. c3 dxc3 4. Nxc3 e6 5. Nf3 Nc6 6. Bc4 a6 7. 0-0 b5 8. Bb3 Qc7 9. Qe2 Nge7 10. Rd1 Ng6 11. Be3 Bb7 12. Rac1 Qd8 13. Nd5 exd5 14. exd5 Nce5 15. Nxe5 Nxe5 16. Bd4 f6 17. f4 d6 18. fxe5 dxe5 19. Bxe5 fxe5 20. Qh5+ Kd7 21. Qf7+ Qe7 22. Rc7+ Kxc7 23. d6+ Kb6 24. dxe7 Bxe7 25. Qxe7 Ka7 26. Rd7 1-0